Efectos de las sentencias de los Tribunales Costitucionales / (Record no. 47750)

MARC details
000 -LEADER
fixed length control field 00581nam a22001697a 4500
008 - FIXED-LENGTH DATA ELEMENTS--GENERAL INFORMATION
fixed length control field 140121t mx||||| |||| 00| 0 spa d
020 ## - INTERNATIONAL STANDARD BOOK NUMBER
International Standard Book Number 9707125101
050 04 - LIBRARY OF CONGRESS CALL NUMBER
Classification number KGF2548
Item number A73 2005
100 1# - MAIN ENTRY--PERSONAL NAME
Personal name Araujo Rentería, Jaime
245 10 - TITLE STATEMENT
Title Efectos de las sentencias de los Tribunales Costitucionales /
Statement of responsibility, etc Jaime Araujo Rentería.
250 ## - EDITION STATEMENT
Edition statement 1a ed.
260 ## - PUBLICATION, DISTRIBUTION, ETC. (IMPRINT)
Place of publication, distribution, etc México :
Name of publisher, distributor, etc Suprema Corte de Justicia de la Nación,
Date of publication, distribution, etc 2005
300 ## - PHYSICAL DESCRIPTION
Extent 41 p. ;
Dimensions 21 cm.
490 #0 - SERIES STATEMENT
Series statement 10 Años de la Novena Época. Discursos
650 #7 - SUBJECT ADDED ENTRY--TOPICAL TERM
Source of heading or term Lemb
Topical term or geographic name as entry element Tribunales constitucionales
Geographic subdivision México
942 ## - ADDED ENTRY ELEMENTS (KOHA)
Source of classification or shelving scheme Clasificación Decimal Dewey
Koha item type Libro
Holdings
Estado de pérdida Fuente de clasificación Estado del daño No para préstamo Ubicación permanente Ubicación actual Apartado o colección Fecha de adquisición Fuente de adquisición Edición Área del conocimiento Clasificación Código de Barras Date last seen Número de copia Costo por reposición Tipo de recurso
  Biblioteca del Cogreso de los Estados Unidos     Biblioteca de la Facultad de Derecho y Ciencias Sociales "Felipe J. Tena" Biblioteca de la Facultad de Derecho y Ciencias Sociales "Felipe J. Tena" General 21/01/2014   1a ed. Ciencias Sociales y Administrativas KGF2548 A73 2005 BFD000004339 16/01/2015 1 1.00 Libro